000 01531nam a2200325 a 4500
001 65969
003 BD-RjUL
005 20211209081504.0
008 170313s1989 vaua 100 0 eng
020 _a091246321X :
_c$19.50
020 _a0912463120 (pbk.) :
_c$10.50
035 _a(BD-RjUL)66099
040 _aDLC
_cDLC
_dBD-RjUL
_beng
041 _aeng
082 0 0 _a001.0297
_223
_bTOW 1989
245 1 0 _aToward Islamization of disciplines /
_cInternational Institute of Islamic Thought.
260 _aHerndon, Va., USA :
_bInternational Institute of Islamic Thought,
_cc1989.
300 _aviii, 555 p. :
_bill. ;
_c23 cm.
500 _aProceedings and selected papers of the Third International Conference of Islamization of Knowledge held in Kuala Lumpur, Malaysia, 27th Shawwal-2nd Dhu-al-Qi'dah, 1404 (July 26-31, 1984) in cooperation with the Ministry of Culture and Youth of Malaysia.
500 _aEnglish and Arabic.
504 _aIncludes bibliographical references.
650 0 _aIslamic learning and scholarship
_xCongresses.
_9195111
650 0 _aLearning and scholarship
_zIslamic countries
_xCongresses.
_9195112
650 0 _aIslam
_y20th century
_xCongresses.
_9195113
651 0 _aIslamic countries
_xIntellectual life
_xCongresses.
_9195114
710 2 _aInternational Institute of Islamic Thought.
_9173229
710 1 _aMalaysia.
_bKementerian Kebudayaan dan Belia.
_9195115
711 _aInternational Conference of Islamization of Knowledge
_cKuala Lumpur, Malaysia)
_d1984
_9195117
942 _2ddc
_cBK
999 _c65969
_d65969